<?xml version="1.0" encoding="UTF-8"?>
<record
    xmlns:xsi="http://www.w3.org/2001/XMLSchema-instance"
    xsi:schemaLocation="http://www.loc.gov/MARC21/slim http://www.loc.gov/standards/marcxml/schema/MARC21slim.xsd"
    xmlns="http://www.loc.gov/MARC21/slim">

  <leader>00508nam a2200145Ia 4500</leader>
  <controlfield tag="008">120721s9999    xx            000 0 und d</controlfield>
  <datafield tag="020" ind1=" " ind2=" ">
    <subfield code="a">84-277-1537-4</subfield>
  </datafield>
  <datafield tag="050" ind1=" " ind2=" ">
    <subfield code="a">LB 1555 G47 2006</subfield>
  </datafield>
  <datafield tag="100" ind1=" " ind2=" ">
    <subfield code="a">Gervilla Castillo, &#xC1;ngeles.</subfield>
  </datafield>
  <datafield tag="245" ind1=" " ind2=" ">
    <subfield code="a">Did&#xE1;ctica b&#xE1;sica de la educaci&#xF3;n infantil : conocer y comprender a los m&#xE1;s peque&#xF1;os / &#xC1;ngeles Gervilla Castillo.</subfield>
  </datafield>
  <datafield tag="260" ind1=" " ind2=" ">
    <subfield code="a">Espa&#xF1;a : Narcea</subfield>
  </datafield>
  <datafield tag="300" ind1=" " ind2=" ">
    <subfield code="a">185 p. : gr&#xE1;ficas, : 24 cm.</subfield>
  </datafield>
  <datafield tag="440" ind1=" " ind2=" ">
    <subfield code="a">Col. Educaci&#xF3;n Hoy. Estudios</subfield>
  </datafield>
  <datafield tag="650" ind1=" " ind2=" ">
    <subfield code="a">1. Educaci&#xF3;n.&#xCC;</subfield>
  </datafield>
  <datafield tag="952" ind1=" " ind2=" ">
    <subfield code="0">0</subfield>
    <subfield code="1">0</subfield>
    <subfield code="4">0</subfield>
    <subfield code="7">0</subfield>
    <subfield code="a">21</subfield>
    <subfield code="b">21</subfield>
    <subfield code="d">2011-10-10</subfield>
    <subfield code="l">12</subfield>
    <subfield code="o">LB 1555 G47 2006</subfield>
    <subfield code="p">21 000230</subfield>
    <subfield code="r">2019-10-22</subfield>
    <subfield code="s">2019-10-22</subfield>
    <subfield code="t">1</subfield>
    <subfield code="w">2012-07-20</subfield>
    <subfield code="y">LB</subfield>
  </datafield>
  <datafield tag="952" ind1=" " ind2=" ">
    <subfield code="0">0</subfield>
    <subfield code="1">0</subfield>
    <subfield code="4">0</subfield>
    <subfield code="7">0</subfield>
    <subfield code="a">21</subfield>
    <subfield code="b">21</subfield>
    <subfield code="d">2011-10-10</subfield>
    <subfield code="l">24</subfield>
    <subfield code="m">4</subfield>
    <subfield code="o">LB 1555 G47 2006</subfield>
    <subfield code="p">21 000231</subfield>
    <subfield code="r">2019-02-05</subfield>
    <subfield code="s">2019-02-05</subfield>
    <subfield code="t">2</subfield>
    <subfield code="w">2012-07-20</subfield>
    <subfield code="y">LB</subfield>
  </datafield>
  <datafield tag="999" ind1=" " ind2=" ">
    <subfield code="c">83169</subfield>
    <subfield code="d">83169</subfield>
  </datafield>
</record>
